00478nam a22001697a 450000500170000000800410001702000260005804000090008404100120009308200180010510000160012324500760013925000080021526000440022330000080026765000330027520260422124343.0260422b |||||||| |||| 00| 0 eng d a9789389393958c695.00 aMAIN aEnglish a632.3078bDEV aSingh, R.S. aDelvin's Principle And Practice of Plant Pathology And Plant Pathology  a4th aNew Delhi bMedTech Science Pressc2025 a274 aBiological Science (PM USHA)